Catálogo

México gentil, católico y político : (Registro nro. 40028)

Detalles MARC
000 -LEADER
fixed length control field 01602cam a2200385 i 4500
001 - CONTROL NUMBER
control field 40028
003 - CONTROL NUMBER IDENTIFIER
control field Mx-PuUPA
005 - DATE AND TIME OF LATEST TRANSACTION
control field 20210608111435.0
008 - FIXED-LENGTH DATA ELEMENTS--GENERAL INFORMATION
fixed length control field 140415s2018 mx gr 001 0 spa d
020 ## - INTERNATIONAL STANDARD BOOK NUMBER
International Standard Book Number 9786079678142
Qualifying information obra completa
020 ## - INTERNATIONAL STANDARD BOOK NUMBER
International Standard Book Number 9786079678159
Qualifying information volumen I
020 ## - INTERNATIONAL STANDARD BOOK NUMBER
International Standard Book Number 9786079678166
Qualifying information volumen II
020 ## - INTERNATIONAL STANDARD BOOK NUMBER
International Standard Book Number 9786079678173
Qualifying information volumen III
040 ## - CATALOGING SOURCE
Original cataloging agency Mx-PuUPA
Language of cataloging spa
Transcribing agency Mx-PuUPA
Modifying agency Mx-PuUPA
Description conventions rda
041 0# - LANGUAGE CODE
Language code of text/sound track or separate title spa
100 1# - MAIN ENTRY--PERSONAL NAME
Personal name Carrillo y Pérez, Ignacio,
9 (RLIN) 11319
Dates associated with a name 1765-1820
Relator term autor
245 10 - TITLE STATEMENT
Title México gentil, católico y político :
Remainder of title obra inédita /
Statement of responsibility, etc. escrita por Ignacio Carrillo y Pérez ; transcripción y prologo, Baltazar Brito Guadarrama
250 ## - EDITION STATEMENT
Edition statement Primera edición
264 #4 - PRODUCTION, PUBLICATION, DISTRIBUTION, MANUFACTURE, AND COPYRIGHT NOTICE
Place of production, publication, distribution, manufacture México :
Name of producer, publisher, distributor, manufacturer Fundación Teixidor :
-- Fundación Iberoamericana para el Arte y la Cultura,
Date of production, publication, distribution, manufacture, or copyright notice 2018
300 ## - PHYSICAL DESCRIPTION
Extent 3 volúmenes (paginación varía) :
Other physical details ilustraciones ;
Dimensions 28 cm
336 ## - CONTENT TYPE
Fuente rdacontent
Content type term texto
Content type code txt
337 ## - MEDIA TYPE
Source rdamedia
Media type term sin medio
Media type code n
338 ## - CARRIER TYPE
Source rdacarrier
Carrier type term volumen
Carrier type code nc
505 0# - FORMATTED CONTENTS NOTE
Formatted contents note Volumen 1.
Title México gentil. --
505 0# - FORMATTED CONTENTS NOTE
Formatted contents note Volumen 2.
Title México católico. --
505 0# - FORMATTED CONTENTS NOTE
Formatted contents note Volumen 3.
Title México político.
650 #4 - SUBJECT ADDED ENTRY--TOPICAL TERM
Topical term or geographic name entry element Iglesia católica
651 #4 - SUBJECT ADDED ENTRY--GEOGRAPHIC NAME
Geographic name México
General subdivision Historia
Chronological subdivision Descubrimiento y conquista, 1517-1521
651 #4 - SUBJECT ADDED ENTRY--GEOGRAPHIC NAME
Geographic name México
General subdivision Historia
Chronological subdivision Colonia española, 1540-1810
-- Obras hasta 1800
700 1# - ADDED ENTRY--PERSONAL NAME
Personal name Brito Guadarrama, Baltazar,
Relator term transcriptor
-- prologuista
942 ## - ADDED ENTRY ELEMENTS (KOHA)
Source of classification or shelving scheme Dewey Decimal Classification
Koha item type Libro
Classification part 972.02
Item part C257
Existencias
Withdrawn status Lost status Source of classification or shelving scheme Damaged status Not for loan Collection code Home library Current library Shelving location Date acquired Source of acquisition Serial Enumeration / chronology Total Checkouts Full call number Barcode Date last seen Price effective from Koha item type
    Dewey Decimal Classification     General Biblioteca Karol Wojtyla Biblioteca Karol Wojtyla Sala general 08/06/2021 Donación v.3   972.02 C257 2018 60102 05/01/2026 03/12/2013 Libro
    Dewey Decimal Classification     General Biblioteca Karol Wojtyla Biblioteca Karol Wojtyla Sala general 08/06/2021 Donación v.2   972.02 C257 2018 60101 05/01/2026 03/12/2013 Libro
    Dewey Decimal Classification     General Biblioteca Karol Wojtyla Biblioteca Karol Wojtyla Sala general 08/06/2021 Donación v.1   972.02 C257 2018 60080 05/01/2026 03/12/2013 Libro